<?xml version="1.0" encoding="UTF-8"?>
<record
    xmlns:xsi="http://www.w3.org/2001/XMLSchema-instance"
    xsi:schemaLocation="http://www.loc.gov/MARC21/slim http://www.loc.gov/standards/marcxml/schema/MARC21slim.xsd"
    xmlns="http://www.loc.gov/MARC21/slim">

  <leader>01710nam a2200373 c 4500</leader>
  <controlfield tag="001">59751</controlfield>
  <controlfield tag="003">CO-BoRNBP</controlfield>
  <controlfield tag="005">20251104192236.0</controlfield>
  <controlfield tag="007">ta</controlfield>
  <controlfield tag="008">250116s2024    ck a|||jr6||| 000 fdspa d</controlfield>
  <datafield tag="020" ind1=" " ind2=" ">
    <subfield code="a">628758713X</subfield>
  </datafield>
  <datafield tag="020" ind1=" " ind2=" ">
    <subfield code="a">9786287587137</subfield>
  </datafield>
  <datafield tag="040" ind1=" " ind2=" ">
    <subfield code="a">CO-BoRNBP</subfield>
    <subfield code="b">spa</subfield>
    <subfield code="e">rda</subfield>
    <subfield code="c">CO-BoRNBP</subfield>
  </datafield>
  <datafield tag="041" ind1="0" ind2=" ">
    <subfield code="h">spa</subfield>
  </datafield>
  <datafield tag="043" ind1=" " ind2=" ">
    <subfield code="a">s-ve---</subfield>
  </datafield>
  <datafield tag="084" ind1=" " ind2=" ">
    <subfield code="a">NG</subfield>
  </datafield>
  <datafield tag="100" ind1=" " ind2=" ">
    <subfield code="a">Guarisco, Laura</subfield>
    <subfield code="d">1991-</subfield>
    <subfield code="e">aut</subfield>
    <subfield code="9">65817</subfield>
  </datafield>
  <datafield tag="245" ind1="1" ind2="0">
    <subfield code="a">Nido /</subfield>
    <subfield code="c">Laura Guarisco.</subfield>
  </datafield>
  <datafield tag="250" ind1=" " ind2=" ">
    <subfield code="a">Segunda edici&#xF3;n</subfield>
  </datafield>
  <datafield tag="264" ind1=" " ind2="1">
    <subfield code="a">Bogot&#xE1;, Colombia :</subfield>
    <subfield code="b">Planeta,</subfield>
    <subfield code="c">2024</subfield>
  </datafield>
  <datafield tag="300" ind1=" " ind2=" ">
    <subfield code="a">190 p&#xE1;ginas :</subfield>
    <subfield code="b">ilustraciones a color,</subfield>
  </datafield>
  <datafield tag="336" ind1=" " ind2=" ">
    <subfield code="2">rdacontent</subfield>
    <subfield code="a">texto</subfield>
    <subfield code="b">txt</subfield>
  </datafield>
  <datafield tag="337" ind1=" " ind2=" ">
    <subfield code="2">rdamedia</subfield>
    <subfield code="a">sin mediaci&#xF3;n</subfield>
    <subfield code="b">n</subfield>
  </datafield>
  <datafield tag="338" ind1=" " ind2=" ">
    <subfield code="2">rdacarrier</subfield>
    <subfield code="a">volumen</subfield>
    <subfield code="b">nc</subfield>
  </datafield>
  <datafield tag="490" ind1="0" ind2=" ">
    <subfield code="a">C&#xF3;mic</subfield>
  </datafield>
  <datafield tag="520" ind1=" " ind2=" ">
    <subfield code="a">En esta obra de autoficci&#xF3;n, la autora retrata con sencillez y precisi&#xF3;n su propia experiencia de vida, pero tambi&#xE9;n la de muchos otros compatriotas: el desarraigo, la nostalgia, el temor, la xenofobia, el desamparo y la esperanza. &#xC1;ngel es uno de los m&#xE1;s de siete millones venezolanos que tuvo que abandonar su nido. Desde ser domiciliario de Rappi, hasta ser arquitecto; desde el abandono de la patria, hasta el encuentro con un nuevo nido. Esta obra es necesaria para entender, desde un autor/protagonista real, un tema de importancia mundial: la migraci&#xF3;n</subfield>
  </datafield>
  <datafield tag="521" ind1=" " ind2=" ">
    <subfield code="a">Recomendado para un p&#xFA;blico mayor de 18 a&#xF1;os</subfield>
  </datafield>
  <datafield tag="650" ind1="0" ind2="7">
    <subfield code="a">Esperanza en la literatura</subfield>
    <subfield code="2">lemb</subfield>
    <subfield code="9">65818</subfield>
  </datafield>
  <datafield tag="650" ind1="0" ind2="7">
    <subfield code="a">Inmigrantes en la literatura</subfield>
    <subfield code="2">lemb</subfield>
    <subfield code="9">2674</subfield>
  </datafield>
  <datafield tag="650" ind1="0" ind2="4">
    <subfield code="a">Literatura venezolana</subfield>
    <subfield code="y">Siglo XXI</subfield>
    <subfield code="2">LEMB</subfield>
    <subfield code="9">65819</subfield>
  </datafield>
  <datafield tag="650" ind1="0" ind2="4">
    <subfield code="a">Novela gr&#xE1;fica  venezolana</subfield>
    <subfield code="y">Siglo XXI</subfield>
    <subfield code="2">LEMB</subfield>
    <subfield code="9">65820</subfield>
  </datafield>
  <datafield tag="650" ind1="0" ind2="7">
    <subfield code="a">Xenofobia en la literatura</subfield>
    <subfield code="2">lemb</subfield>
    <subfield code="9">65821</subfield>
  </datafield>
  <datafield tag="942" ind1=" " ind2=" ">
    <subfield code="2">loc</subfield>
    <subfield code="c">BKLIT</subfield>
    <subfield code="n">0</subfield>
  </datafield>
  <datafield tag="999" ind1=" " ind2=" ">
    <subfield code="c">59751</subfield>
    <subfield code="d">59751</subfield>
  </datafield>
  <datafield tag="952" ind1=" " ind2=" ">
    <subfield code="0">0</subfield>
    <subfield code="1">0</subfield>
    <subfield code="2">ddc</subfield>
    <subfield code="4">0</subfield>
    <subfield code="7">0</subfield>
    <subfield code="8">GEN</subfield>
    <subfield code="a">MEMACARE</subfield>
    <subfield code="b">MEMACARE</subfield>
    <subfield code="c">GEN</subfield>
    <subfield code="d">2025-11-04</subfield>
    <subfield code="l">0</subfield>
    <subfield code="o">NG GUA8</subfield>
    <subfield code="p">LM03285</subfield>
    <subfield code="r">2025-11-04 19:23:43</subfield>
    <subfield code="t">Ej.1</subfield>
    <subfield code="w">2025-11-04</subfield>
    <subfield code="y">BKLIT</subfield>
  </datafield>
  <datafield tag="952" ind1=" " ind2=" ">
    <subfield code="0">0</subfield>
    <subfield code="1">0</subfield>
    <subfield code="2">ddc</subfield>
    <subfield code="4">0</subfield>
    <subfield code="7">0</subfield>
    <subfield code="8">GEN</subfield>
    <subfield code="a">MEPLLERAS</subfield>
    <subfield code="b">MEPLLERAS</subfield>
    <subfield code="c">GEN</subfield>
    <subfield code="d">2025-11-11</subfield>
    <subfield code="l">0</subfield>
    <subfield code="o">NG UA8</subfield>
    <subfield code="p">PLL02543</subfield>
    <subfield code="r">2025-11-11 21:15:55</subfield>
    <subfield code="t">Ej.1</subfield>
    <subfield code="w">2025-11-11</subfield>
    <subfield code="y">BK</subfield>
  </datafield>
</record>
